مكتبة جامعة عجلون الوطنية

فهرس بحث المكتبة

حق الموظف العام في الإضراب دراسة مقارنة في القانون العراقي والأردن=The Right public Employ to Strike A comparrative study in Iragi and jordanian Law/ (Record no. 31866)

MARC details
000 -LEADER
fixed length control field 01171nam a2200241Ii 4500
003 - CONTROL NUMBER IDENTIFIER
control field JO-AjNU
005 - DATE AND TIME OF LATEST TRANSACTION
control field 20240629103114.0
008 - FIXED-LENGTH DATA ELEMENTS--GENERAL INFORMATION
fixed length control field 230605s9999||||xx |||||||||||||| ||und||
040 ## - CATALOGING SOURCE
Original cataloging agency JO-AjNU
Language of cataloging ara
Description conventions rda
Transcribing agency JO-AjNU
041 ## - LANGUAGE CODE
Language code of text/sound track or separate title ara
050 14 - LIBRARY OF CONGRESS CALL NUMBER
Classification number k3440 2021
100 #1 - MAIN ENTRY--PERSONAL NAME
Personal name صالح، سيف غزال صعو
9 (RLIN) 65763
245 10 - TITLE STATEMENT
Title حق الموظف العام في الإضراب دراسة مقارنة في القانون العراقي والأردن=The Right public Employ to Strike A comparrative study in Iragi and jordanian Law/
Statement of responsibility, etc. اعداد سيف غزال صعو صالح ؛ إشرتف طلال ياسين العيسى
260 ## - PUBLICATION, DISTRIBUTION, ETC.
Date of publication, distribution, etc. 2021
300 ## - PHYSICAL DESCRIPTION
Extent 148 ورقة
336 ## - CONTENT TYPE
Content type term text
Content type code txt
Source rdacontent
337 ## - MEDIA TYPE
Media type term unmediated
Media type code n
Source rdamedia
338 ## - CARRIER TYPE
Carrier type term volume
Carrier type code nc
Source rdacarrier
500 ## - GENERAL NOTE
General note رسالة جامعية(اطروحة ماجستير) جامعة عجلون الوطنية، تخصص القانون /كليةالحقوق، 2021
650 #4 - SUBJECT ADDED ENTRY--TOPICAL TERM
Topical term or geographic name entry element الموظفون-قوانين وتشريعات -القانون العراقي-القانون الاردني
9 (RLIN) 62488
700 #1 - ADDED ENTRY--PERSONAL NAME
Personal name العيسى، طلال ياسين
9 (RLIN) 64930
Relator term مشرف
942 ## - ADDED ENTRY ELEMENTS (KOHA)
Source of classification or shelving scheme Library of Congress Classification
Koha item type Thesis
Holdings
Withdrawn status Lost status Source of classification or shelving scheme Damaged status Not for loan Home library Current library Shelving location Date acquired Total Checkouts Full call number Barcode Date last seen Price effective from Koha item type
    Library of Congress Classification     مكتبة جامعة عجلون الوطنية مكتبة جامعة عجلون الوطنية المراجع 29/06/2024   k3440 2021 A28298 06/06/2023 29/06/2024 Thesis
    Library of Congress Classification     مكتبة جامعة عجلون الوطنية مكتبة جامعة عجلون الوطنية المراجع 29/06/2024   k3440 2021 a28299 29/06/2024 29/06/2024 Thesis